000 00538nam a2200181Ia 4500
001 4421
005 20260306145754.0
008 260306t2006||||xx |||||||||||||| ||spa||
041 _aESP
082 _a321.8
_bI59A
100 _aInstituto Interamericano de Derechos Humanos
_eAUT
245 0 _aMemoria del XII Curso Interamericano de Elecciones y Democracia:
_bLa nueva generación de desafíos para la democracia
260 _c2006
300 _a299 páginas :
_c21 cm.
650 _aGEN
654 _aCDE
942 _cLIB
_dJUS
_fJUS
_2ddc
_n
999 _c4421
_d4421